[Event "Shropshire Open"]
[Site "Telford"]
[Date "2024.01.13"]
[Round "2.9"]
[White "Tarr, Stephen"]
[Black "Sullivan, Daniel"]
[Result "0-1"]
[WhiteElo "1814"]
[BlackElo "2016"]
[Annotator "Van Kemenade, Rudy"]
[PlyCount "64"]
[EventDate "2024.01.12"]
[EventType "swiss"]
[EventRounds "5"]
[EventCountry "ENG"]
[SourceTitle "BritBase"]
[Source "John Saunders"]
[SourceDate "2024.04.05"]
[SourceVersion "1"]
[SourceVersionDate "2024.04.05"]
[SourceQuality "1"]

1. d4 Nf6 2. Bf4 (2. Nf3 g6 3. c4 Bg7 4. Nc3 O-O 5. e4 d6 6. Be2 e5 7. O-O Nc6
8. d5 Ne7 {N Arkell-Sullivan, Buxton e2e4 op, 2013,1/2-1/2}) 2... d5 3. e3 e6
4. Nf3 Bd6 5. Bg3 O-O 6. Bd3 c5 {main} (6... b6 7. Ne5 c5 8. c3 Bb7 9. Bh4 Be7
10. Nd2 Ne4 11. Bg3 f6 12. Nef3 Nd7 13. Qc2 f5 {Tarr-Ellames, Blackpool op
2019, 0-1}) 7. c3 Nc6 8. Ne5 (8. Nbd2) (8. O-O {main lines}) 8... Ne7 (8... Qc7
9. f4 {main, 42 % for Wh}) 9. h4 $146 (9. f4 {2-1-2}) (9. Nd2 {transposes to
55 games, 42 % for Wh}) 9... Nf5 (9... cxd4 10. cxd4 Ne4 11. Bh2 f6 12. Nf3
Qa5+ 13. Nbd2 Nxd2 14. Nxd2 Bxh2 15. Rxh2 e5 $15 {SF16}) 10. Bf4 Qc7 (10... Ne4
11. g4 Nxh4 12. g5 Ng2+ 13. Kf1 Nxf4 14. exf4 g6 15. Rh6 f5 16. Nxg6 Bxf4 17.
Nxf8 Qxf8 18. Bxe4 dxe4 19. Rxh7 Kxh7 20. Qh5+ Kg8 21. Qg6+ {repetition, SF16})
11. g4 (11. Nd2 Ne8) 11... Ne7 12. Nd2 Ne8 (12... Nd7 $11 {SF16}) 13. Qc2 $16 (
13. g5 Bd7 14. Qb1 f5 15. h5 b5 16. Ndf3 c4 17. Bc2 b4 18. cxb4 Bxb4+ 19. Kf1
$16 {SF16}) 13... g6 (13... h6 14. g5 cxd4 15. cxd4 (15. exd4 h5 $11) 15...
Qxc2 16. Bxc2 h5 17. Ke2 $16 {SF16}) 14. Bh6 Ng7 (14... cxd4 15. cxd4 (15. exd4
f6 16. Bxf8 Kxf8 17. f4 (17. Nef3 e5 $14) 17... fxe5 18. fxe5 Bxe5 19. dxe5
Qxe5+ 20. Be2 Qg3+ 21. Kd1 $16) 15... Qxc2 16. Bxc2 Ng7 17. Bf4 $16 {SF16}) 15.
f4 $18 f6 16. h5 $1 c4 17. hxg6 (17. Bxg6 $1 hxg6 (17... fxe5 18. Bxh7+ Kh8 19.
fxe5 $18) 18. hxg6 fxe5 19. Bxg7 Nxg6 (19... Kxg7 20. Rh7+ Kg8 21. Nf3 $18) 20.
Bxf8 Nxf8 21. fxe5 Bxe5 (21... Be7 22. g5 Bd8 23. O-O-O $18) 22. dxe5 Qxe5 23.
O-O-O $18 {SF16}) (17. Ndxc4 dxc4 18. Nxc4 Rf7 19. hxg6 Nxg6 20. Nxd6 Qxd6 21.
Bxg6 hxg6 22. Qxg6 Bd7 23. g5 $18 {SF16}) 17... cxd3 18. gxh7+ Kh8 19. Qxd3 (
19. Nxd3 Bd7 20. O-O-O $18 {Sf16}) 19... fxe5 20. fxe5 Bxe5 21. dxe5 Qxe5 (
21... Bd7 22. O-O-O a6 23. Qf1 {typical engine idea} (23. Ne4 Bb5 24. Ng5 Bxd3
25. Bxg7+ Kxg7 26. Nxe6+ Kh8 27. Nxc7 Be4 28. Nxa8 Bxh1 29. Rxh1 Rxa8 $11 {
SF16-quite odd as well}) (23. e4 Bb5 24. Qe3 $11 {looks much more human}) 23...
Rxf1 24. Rdxf1 Ng6 25. Rf7 Ne8 26. Nf3 Rc8 27. Ng5 Bb5 28. Rf3 Be2 29. Nf7+
Kxh7 30. Bf8+ Kg8 31. Nh6+ {perpetual -SF16}) 22. O-O-O $16 Bd7 23. Bf4 Qf6 (
23... Rxf4 24. exf4 Qf6 25. Rdf1 $16 {SF16}) 24. Rh6 $18 Qf7 25. Be5 (25. Nf3
Ba4 26. Ne5 Qe8 27. Bg5 Bxd1 28. Bxe7 Bxg4 29. Bxf8 Bf5 30. Bxg7+ Kxg7 31.
h8=Q+ Qxh8 32. Rxh8 Rxh8 33. Qd4 $18 {SF16}) (25. Rf1 a6 26. c4 Rac8 27. Be5
$18 {SF16}) 25... Nc6 26. Bd6 Ne7 (26... Ne8 27. Bxf8 Qxf8 28. g5 Qe7 29. Nf3
Ng7 30. Rf6 Be8 31. Nh4 $18 {SF16- best try for Bl}) 27. Rf1 Qe8 28. Nf3 $2 {
a natural move, but it seems to give up Wh's advantage} (28. Be5 Rf7 29. Rxf7
Qxf7 30. Rf6 Qe8 31. Nf3 $18) 28... Bb5 29. Qd4 (29. Qd1 Bxf1 30. Ne5 Bg2 31.
Bxe7 Be4 32. Bxf8 Qxf8 33. Qh1 $1 (33. Qe1 {more human}) 33... Nh5 34. Rxh5 Qf2
35. Qd1 Qxe3+ 36. Qd2 Qg1+ {repetition, SF16} (36... Qxd2+ 37. Kxd2 Bxh7 38.
Rh6 Re8 39. g5 Kg7 40. Ke3 $18 {SF16- despite all the wide open space, Bl's B
remains bad})) 29... Nc6 (29... Bxf1 $19) 30. Qc5 (30. Qd2 Bxf1 31. Nh4 Bd3 32.
Qxd3 Rd8 33. Bg3 $11 (33. Qg6 Rf7 34. Qd3 Rf8 $11 {both SF16})) (30. Qd1 Bxf1
31. Nh4 Qf7 32. Ng6+ Qxg6 33. Rxg6 Bc4 34. Bxf8 Rxf8 35. b3 Rf1 36. bxc4 Rxd1+
37. Kxd1 Ne5 38. Rf6 Nxc4 39. Rf7 Na5 40. Ke2 Kxh7 41. Rf8 $11 {SF16}) 30...
Bxf1 31. Bxf8 Qxf8 32. Qxf8+ Rxf8 0-1

[Event "Shropshire Open"]
[Site "Telford"]
[Date "2024.01.13"]
[Round "2.10"]
[White "Burns, Martin"]
[Black "Gunarathne, Senith"]
[Result "0-1"]
[WhiteElo "1962"]
[BlackElo "1789"]
[Annotator "Van Kemenade, Rudy"]
[PlyCount "68"]
[EventDate "2024.01.12"]
[EventType "swiss"]
[EventRounds "5"]
[EventCountry "ENG"]
[SourceTitle "BritBase"]
[Source "John Saunders"]
[SourceDate "2024.04.05"]
[SourceVersion "1"]
[SourceVersionDate "2024.04.05"]
[SourceQuality "1"]

1. e4 c5 2. Nf3 d6 3. d4 cxd4 4. Nxd4 Nf6 5. Nc3 a6 6. Bg5 (6. Be2 e5 7. Nb3
Be6 8. O-O {Burns, 1.5-0.5}) 6... e6 7. f4 {main} (7. Qd2 Nc6 8. Be2 Be7 9.
O-O-O Qa5 10. Nb3 Qc7 11. Bxf6 gxf6 12. f4 Bd7 13. Qe3 O-O-O {
Ajimal-Gunarathne, 4NCL nov 2023,0-1}) 7... Be7 (7... Qb6 {main, very complex
theory}) 8. Qf3 Nbd7 9. O-O-O Qc7 10. g4 b5 11. Bxf6 Nxf6 12. g5 Nd7 13. Bg2 {
32 games, 30% for Wh} (13. f5 {6428 games,62% for Wh}) 13... Bb7 (13... Rb8 {
scores a little better}) 14. Rd2 $146 (14. a3 {50 games, 58% for Wh}) 14... Nc5
(14... b4 15. Nd1 a5 $15 {SF16}) (14... Nb6 15. a3 Nc4 16. Rd3 Qb6 $15 {SF16})
15. Qe3 O-O-O (15... b4 16. Nd1 h6 $15 {Sf16}) 16. Kb1 $11 (16. a3 $14) 16...
e5 (16... b4) 17. Nf5 $16 exf4 18. Nxe7+ (18. Qxf4 Ne6 19. Nxe7+ Qxe7 20. Qf2
Kb8 21. Rhd1 $16 {Sf16}) 18... Qxe7 19. Qxf4 Ne6 (19... Qe5 $14) 20. Bh3 (20.
Qf2) 20... Kb8 21. Bxe6 fxe6 22. Rhd1 Rhf8 23. Qg3 (23. Qe3) 23... b4 24. Ne2
Bxe4 (24... e5 25. Qb3 a5 26. a3 Bxe4 27. axb4 Qb7 28. b5 d5 29. Re1 d4 30. Nc1
Bg6 31. Rxe5 $16 {SF16}) 25. Rxd6 (25. Rd4 Bb7 26. Rxb4 $14 {SF16}) 25... Rxd6
26. Rxd6 e5 27. Rd1 Qc5 $17 28. Qb3 (28. Rd2 Rf2 29. a3 bxa3 30. Qb3+ Kc7 31.
bxa3 Qb5 32. Qxb5 axb5 33. Kc1 Rxh2 $19 {SF16}) 28... Rc8 (28... Rf2 $19 29.
Qg8+ Qc8 30. Qxc8+ Kxc8 31. Re1 Rxh2 $19 {SF16}) 29. Rc1 a5 30. Ng3 Bg6 31. h4
Qf2 $19 32. h5 Bxc2+ 33. Rxc2 Qe1+ 34. Rc1 Rxc1# 0-1

[Event "Shropshire Open"]
[Site "Telford"]
[Date "2024.01.13"]
[Round "2.11"]
[White "Berkley, Stephen"]
[Black "Vaidyanathan, Adithya"]
[Result "0-1"]
[WhiteElo "1790"]
[BlackElo "1959"]
[Annotator "Van Kemenade, Rudy"]
[PlyCount "92"]
[EventDate "2024.01.12"]
[EventType "swiss"]
[EventRounds "5"]
[EventCountry "ENG"]
[SourceTitle "BritBase"]
[Source "John Saunders"]
[SourceDate "2024.04.05"]
[SourceVersion "1"]
[SourceVersionDate "2024.04.05"]
[SourceQuality "1"]

1. d4 Nf6 2. c4 g6 3. Nc3 Bg7 4. e4 d6 5. Nge2 (5. Be2 O-O 6. Bg5 Nbd7 7. Qd2
e5 8. d5 a5 9. f3 Nc5 10. h4 Qe8 11. g4 {Dicen-Vaidayanathan, Witney op 2023,
1-0}) 5... O-O 6. Ng3 h5 (6... e5 7. d5 a5 8. Be2 Na6 {main}) 7. Be2 c5 (7...
a5 8. f3 a4 9. O-O c5 10. d5 a3 11. Nh1 h4 12. Nf2 Nh5 13. Qc2 e6 {
Berkley-Bazakutza, Cambridge Int 2023,0-1}) (7... h4 8. Nf1 e5 9. d5 Nh7 10. f3
f5 11. Be3 b6 12. Qc2 a5 13. Nd2 Na6 14. a3 Bd7 15. O-O-O {Berkley-Soulier,
Cambridge int 2023,1/2-1/2}) 8. d5 a6 (8... h4) (8... b5) 9. a4 Nbd7 (9... e6 {
3-1-5}) 10. a5 $146 (10. Bg5 {2-2-2}) (10. f4 $16 {SF16}) 10... b6 11. axb6
Nxb6 12. O-O h4 13. Nh1 Nfd7 (13... a5 14. Qc2 e6 $14 {SF16}) 14. Na4 (14. f4
$16 {SF16}) 14... Nxa4 15. Rxa4 Rb8 $15 16. Qc2 h3 (16... Bd4 $17 {SF16}) 17.
g4 Bd4 18. Ra3 Ne5 19. Rxh3 Bxg4 20. Bxg4 Nxg4 21. Rg3 (21. Ng3 $14 {SF16})
21... Qd7 22. h3 Ne5 (22... Nf6 23. Kg2 Kg7 24. f4 Rh8 $15 {SF16}) 23. b3 Qb7
24. Kh2 Nd7 25. f4 Nf6 26. Rgf3 Kg7 27. Ng3 Nd7 28. Qg2 $18 (28. e5 dxe5 29. f5
$18 {SF16}) (28. Bb2 Rh8 (28... Bxb2 29. Qxb2+ f6 30. Rg1 Kf7 31. e5 $18) 29.
Rg1 Kf8 30. Bxd4 cxd4 31. Ne2 $18 {SF16}) 28... e6 29. Bb2 $18 (29. Nh5+ Kg8
30. f5 $18) (29. f5 Kh8 30. Qd2 Bg7 31. f6 $18) 29... Bxb2 30. Qxb2+ e5 31. f5
Nf6 32. Qg2 Nh7 33. fxg6 fxg6 34. Nf5+ (34. Nh5+ {also}) 34... Kh8 (34... Rxf5
$5) 35. Nxd6 (35. Nh4 $1 {SF16}) 35... Qg7 36. Rf7 (36. Nf7+ Kg8 37. Rg3 {SF16}
) 36... Rxf7 37. Rxf7 (37. Nxf7+ Kg8 38. d6 {SF16}) 37... Qh6 38. Rf6 (38. Rf1
Qh5 39. Nf7+ Kg8 40. Rf5 g5 41. Nxg5 $18 {SF16}) 38... Ng5 39. Nf7+ (39. Qg3
Qh5 40. h4 Nh7 41. Rxg6 $18 {SF16}) (39. Qg4 Rf8 40. Nf5 (40. Rxf8+ Qxf8 41.
Qxg5 Qxd6 42. h4 $18) 40... Nf3+ 41. Kg3 Qf4+ 42. Qxf4 exf4+ 43. Kxf3 Rxf6 44.
d6 Rf7 45. e5 Rxf5 46. d7 Rf8 47. e6 $18 {SF16}) 39... Nxf7 40. Rxf7 Rxb3 $11
41. Rf3 Rb1 42. Qf2 Kg8 43. Rf7 Rd1 44. Rf3 $2 (44. Rf6 Kg7 45. Rf7+ Kg8 46.
Rf6 $11) 44... Rd2 $19 45. Rf8+ Qxf8 46. Qxd2 Qf4+ 0-1

[Event "Shropshire Open"]
[Site "Telford"]
[Date "2024.01.13"]
[Round "2.12"]
[White "Van Kemenade, Julie"]
[Black "Bolt, Graham"]
[Result "0-1"]
[WhiteElo "1617"]
[BlackElo "2059"]
[Annotator "Van Kemenade, Rudy"]
[PlyCount "109"]
[EventDate "2024.01.12"]
[EventType "swiss"]
[EventRounds "5"]
[EventCountry "ENG"]
[SourceTitle "BritBase"]
[Source "John Saunders"]
[SourceDate "2024.04.05"]
[SourceVersion "1"]
[SourceVersionDate "2024.04.05"]
[SourceQuality "1"]

1. e4 g6 (1... c5 2. Bc4 Nc6 3. f4 e6 4. Nc3 a6 5. a3 b5 6. Ba2 b4 7. Nce2 Be7
8. Nf3 Nf6 9. d3 d5 10. exd5 exd5 11. O-O O-O 12. Qe1 {Van Kemenade-Bolt,
Wrekin Premier 2004,1-0}) 2. Nf3 Bg7 3. Bc4 (3. d4) 3... e6 (3... d6) 4. Nc3
Ne7 5. d3 d5 6. Bb3 (6. exd5 exd5 7. Bb3 {2-2=3}) 6... d4 (6... O-O 7. Bg5 d4
8. Ne2 c5 9. Qd2 Nbc6 10. Bh6 {Steinberg-Wiesemann, Dortmund Sparkassen 2012,1/
2-1/2}) 7. Ne2 c5 (7... e5 8. Bg5 O-O 9. O-O Bg4 10. Ng3 a5 11. h3 {
Tarnowski-Sieczkowski, POL sf U11, Besia 2007,1-0}) 8. O-O O-O (8... Nbc6 9. a3
O-O 10. Ne1 Kh8 11. f4 {Chandler-Hehn, Vellmar op 2017,1=0}) 9. h3 Nbc6 10. a3
h6 11. g4 Kh7 (11... Kh8) 12. Ng3 f5 13. gxf5 exf5 14. exf5 Nxf5 15. Kh2 Nh4
16. Ng1 Ne7 17. Qe2 Qc7 18. Qe4 Nef5 19. Bf4 Qb6 20. Rae1 Bd7 21. Nxf5 Nxf5 22.
Qg2 Rae8 23. Rxe8 Rxe8 24. Nf3 Bc6 25. Qg4 Bxf3 26. Qxf3 Be5 27. Bxe5 Rxe5 28.
Rg1 Re7 29. Qd5 Qd6+ 30. Qxd6 Nxd6 31. Kg2 Kg7 32. Kf1 Kf6 33. Bd5 b6 34. f3
Nf5 35. Be4 Ne3+ 36. Kf2 g5 37. c3 Nf5 38. cxd4 Nxd4 39. h4 Nf5 40. hxg5+ hxg5
41. Rc1 (41. Rh1 $11 {Rudy}) (41. Bxf5 $11 {Tim Kett}) 41... Ke5 42. b4 cxb4
43. axb4 Rf7 44. Rc8 g4 45. Re8+ Kd6 46. f4 (46. Rd8+ Ke7 47. Ra8 g3+ 48. Kg2
Ke6 49. Re8+ $11) 46... Ng7 47. Rg8 (47. Rc8 Rxf4+ 48. Ke3 Rf1 49. Rc6+ Ke7 50.
Rg6 Nf5+ 51. Bxf5 Rxf5 52. Rxg4 $11) 47... Rxf4+ 48. Kg3 (48. Ke3 Rf7 49. d4
Ke6 50. Bd3 Kd6 51. Be4 $11) 48... Rf7 (48... Nh5+ 49. Kg2 Nf6 $19) 49. Kxg4
$11 Ne6 50. Rg6 (50. Kg3 $11) 50... Ke5 51. Bc6 Rf4+ 52. Kg3 Rxb4 $19 53. Be8
Nd4 54. Rg5+ Kd6 55. Bf7 0-1

[Event "Shropshire Open"]
[Site "Telford"]
[Date "2024.01.13"]
[Round "2.13"]
[White "Hollands, David"]
[Black "Kett, Timothy"]
[Result "0-1"]
[WhiteElo "1917"]
[BlackElo "2205"]
[Annotator "Van Kemenade, Rudy"]
[PlyCount "70"]
[EventDate "2024.01.12"]
[EventType "swiss"]
[EventRounds "5"]
[EventCountry "ENG"]
[SourceTitle "BritBase"]
[Source "John Saunders"]
[SourceDate "2024.04.05"]
[SourceVersion "1"]
[SourceVersionDate "2024.04.05"]
[SourceQuality "1"]

1. Nf3 f5 (1... c5 2. g3 Nc6 3. Bg2 e5 4. e4 Nf6 5. d3 d5 6. Nbd2 Be7 7. O-O
O-O {Hollands-Higgie, Shropshire League 2023,1/2-1/2}) 2. g3 Nf6 3. Bg2 d6 4.
d4 g6 5. c4 Bg7 6. Nc3 O-O 7. O-O Nc6 8. Re1 (8. d5 {main} Ne5 (8... Na5 {
alternative}) 9. Nxe5 dxe5 10. c5 (10. e4 f4 {main}) 10... Kh8 11. Qa4 (11. Qb3
) 11... a6 12. Bg5 Rb8 13. Qh4 Rf7 14. Rad1 Qf8 15. d6 cxd6 16. cxd6 exd6 17.
Qb4 h6 18. Bxf6 Rxf6 19. Nd5 Re6 20. Nb6 Rf6 21. Nd5 Re6 22. Nb6 Rf6 23. Nd5
Qd8 24. Rd2 Bf8 25. Rc1 Bd7 {Omearat-Kett, Turin ol 2006,1/2-1/2}) 8... e5 {
32% for Wh-Bl has a good Kings Indian} 9. e3 (9. dxe5 dxe5 10. Qxd8 Rxd8 11. e4
{main, 37 % for Wh}) 9... e4 {1 draw, 5 Bl wins} 10. Nd2 Nb4 {0-3} 11. Bf1 $146
{SF16} c5 $17 12. d5 Ng4 (12... g5) 13. a3 Na6 14. Be2 h5 15. Bxg4 hxg4 $19 16.
Rb1 Nb8 (16... Bxc3 17. bxc3 Nb8 $19 {SF16}) 17. Qc2 Nd7 18. b4 Ne5 (18... b6)
19. Bb2 (19. bxc5 Nd3 20. Rd1 dxc5 21. Bb2 b6 $17 {SF16}) 19... cxb4 (19... b6
$19) 20. axb4 Nd3 21. Red1 Nxb4 22. Qb3 Nd3 23. Na4 b6 24. Bxg7 Kxg7 25. Qa3
Bd7 26. Nc3 Qe7 (26... Qf6 $19) 27. Ne2 Rh8 $19 28. Nf4 Ne5 29. Kg2 g5 30. Ne2
Kg6 31. Rh1 Nf3 32. Nf1 Rac8 33. Rc1 Rc5 34. Qxa7 Qh7 35. Ng1 Qh3+ 0-1

[Event "Shropshire Open"]
[Site "Telford"]
[Date "2024.01.13"]
[Round "2.14"]
[White "Dooley, Max"]
[Black "Baer, Bruce L"]
[Result "0-1"]
[WhiteElo "1902"]
[BlackElo "2085"]
[Annotator "Van Kemenade, Rudy"]
[PlyCount "74"]
[EventDate "2024.01.12"]
[EventType "swiss"]
[EventRounds "5"]
[EventCountry "ENG"]
[SourceTitle "BritBase"]
[Source "John Saunders"]
[SourceDate "2024.04.05"]
[SourceVersion "1"]
[SourceVersionDate "2024.04.05"]
[SourceQuality "1"]

1. e4 g6 2. d4 Bg7 3. Nf3 (3. Nc3 {4-2 Baer}) 3... d6 4. Be3 (4. Nc3 {main})
4... Nf6 5. Nbd2 Ng4 6. Bc4 (6. Bf4 {2-1-5}) 6... Nxe3 7. fxe3 e6 (7... e5 $15
{SF16}) 8. Qe2 (8. O-O Nc6 9. c3 Bd7 10. b4 a6 11. a4 Bh6 12. Re1 Rb8 13. Qc2
O-O $11 {Haugwitz-Bangert, Hamburg St Pauli op 2011,0-1}) 8... a6 9. O-O h6 10.
Qf2 Qe7 11. a4 Nd7 12. b4 (12. a5 O-O $11 {SF16}) 12... b6 13. Rad1 Bb7 14. Bd3
g5 15. c4 (15. a5 $11) 15... g4 16. Ne1 (16. Nh4 O-O 17. e5 dxe5 18. d5 Qxb4
19. Ne4 Rad8 20. Qg3 Qe7 $11 {SF16}) 16... h5 $17 (16... a5 17. bxa5 Rxa5 18.
Bc2 h5 $17 {SF16}) 17. g3 $6 {best not to move pawns on the side where one is
under attack} (17. a5 $15) 17... h4 $17 18. Ng2 hxg3 19. Qxg3 (19. hxg3 Rh3 20.
Qf4 Ne5 21. dxe5 Bxe5 22. Qxg4 Rxg3 23. Qh5 Rg5 24. Qh3 O-O-O $17 {SF16}) 19...
O-O-O 20. a5 bxa5 (20... c5 $19 {SF16}) 21. bxa5 (21. c5 $5) 21... Nf6 (21...
c5 $19 {Sf16}) 22. Rb1 Rh3 23. Qf2 Rdh8 $19 24. Nf4 g3 (24... Rxh2 25. Qxh2
Rxh2 26. Kxh2 e5 $19 {SF16}) 25. Qe1 Rxh2 26. d5 Ng4 (26... Nh5 $19) (26... g2
27. Nxg2 Ng4 $19 {both SF16}) 27. Nf3 Rh1+ (27... Be5 $19 {SF16} 28. Nxh2 (28.
Qxg3 Rh1+ 29. Kg2 Nxe3+) 28... Qh4) 28. Kg2 Rxf1 29. Bxf1 exd5 30. cxd5 Qxe4
31. Bd3 Nxe3+ 32. Kxg3 Qxf4+ 33. Kxf4 Ng2+ 34. Kg4 Nxe1 35. Rxe1 Bxd5 36. Bxa6+
Kd7 37. Rc1 Ra8 (37... Rg8) 0-1

[Event "Shropshire Open"]
[Site "Telford"]
[Date "2024.01.13"]
[Round "2.15"]
[White "Conway-Lees, Joe"]
[Black "Zabrocki, Philip"]
[Result "0-1"]
[WhiteElo "1857"]
[BlackElo "1991"]
[Annotator "Van Kemenade, Rudy"]
[PlyCount "76"]
[EventDate "2024.01.12"]
[EventType "swiss"]
[EventRounds "5"]
[EventCountry "ENG"]
[SourceTitle "BritBase"]
[Source "John Saunders"]
[SourceDate "2024.04.05"]
[SourceVersion "1"]
[SourceVersionDate "2024.04.05"]
[SourceQuality "1"]

1. e4 e6 2. d4 d5 3. Bd3 c5 (3... dxe4 4. Bxe4 Nf6 {main}) 4. exd5 exd5 5. dxc5
Bxc5 6. Nf3 Nf6 7. O-O O-O 8. h3 {36% for Wh} (8. Bg5 h6 9. Bh4 g5 10. Bg3 Ne4
{23% for Wh}) 8... h6 (8... Nc6 {main 32% for Wh}) 9. c3 {3-4-2} (9. Nbd2 Nc6
10. c3 Re8 11. Nb3 Bb6 12. Nbd4 {2.5-0.5} (12. Bf4 {6-4})) (9. Nc3 Nc6 {
main, 40% for Wh}) 9... Qd6 $146 (9... Ne4 $11 {SF16, not yet played}) 10. Nbd2
(10. b4 Bb6 11. c4 $16 {SF16}) 10... Qg3 $17 (10... Bxh3 $1 {SF16} 11. Nd4 (11.
gxh3 Qg3+ 12. Kh1 Qxh3+ 13. Kg1 Nc6 14. Nb3 Bd6 15. Be3 Ng4 16. Re1 Bh2+ 17.
Nxh2 Qxh2+ 18. Kf1 Qh3+ 19. Kg1 Nce5 20. Bf5 Nf3+ $19) 11... Bg4 12. Nf5 Bxf5
13. Bxf5 Nc6 $17 {Sf16}) 11. Kh1 (11. Ne1 Bxh3 12. Qf3 Qxf3 13. Nexf3 Bd7 14.
Nb3 Bb6 $15 {SF16}) 11... Bxf2 $19 12. Qe2 Bb6 13. Re1 Nc6 (13... Nbd7 $19 {
SF16}) 14. Nf1 Qd6 15. a4 (15. Be3 Bxe3 16. Qxe3 Bd7 17. Qf2 Rae8 $17 {SF16})
15... Bd7 $19 16. Qc2 Rfe8 17. Bd2 Bc7 18. c4 d4 (18... Nb4) 19. b4 $5 Nxb4 20.
Bxb4 Qxb4 21. Reb1 Qc3 22. Qd1 Ne4 (22... Bc6 23. a5 Ne4 $19 {SF16}) 23. Bxe4
Rxe4 24. Rxb7 Qa5 (24... Rc8) 25. N1d2 Re3 (25... Rf4 26. Nb3 Qh5 27. Rxc7 Bxh3
28. Rc5 Bxg2+ 29. Kxg2 Qg4+ 30. Kf2 Re8 31. Qh1 d3 32. Ra2 Rfe4 33. Qf1 Rf4 $17
{SF16}) 26. Nb3 $11 Rxb3 (26... Qh5 27. Rxc7 Bxh3 $11 {similar to previous note
}) 27. Rxb3 Bc6 $11 28. Qxd4 Rd8 29. Qc3 Qf5 30. Qe3 $2 (30. Qb2 Rd6 31. Qb1
Qc8 32. Re3 Rg6 33. Qd3 $11 {SF16}) 30... Bxf3 $19 31. gxf3 (31. Qxf3 Qe5 $19)
(31. Kg1 Bc6 $19) 31... Qxh3+ 32. Kg1 Bh2+ 33. Kf2 Bg3+ 34. Kg1 Qh2+ 35. Kf1
Rd2 36. Qe8+ Kh7 37. Qe4+ g6 38. Qe3 Qg2# 0-1

[Event "Shropshire Open"]
[Site "Telford"]
[Date "2024.01.12"]
[Round "2.16"]
[White "Van Kemenade, Rudy"]
[Black "Holyhead, James"]
[Result "1-0"]
[WhiteElo "1934"]
[BlackElo "1676"]
[Annotator "Van Kemenade, Rudy"]
[PlyCount "55"]
[EventDate "2024.01.12"]
[EventType "swiss"]
[EventRounds "5"]
[EventCountry "ENG"]
[SourceTitle "BritBase"]
[Source "John Saunders"]
[SourceDate "2024.04.05"]
[SourceVersion "1"]
[SourceVersionDate "2024.04.05"]
[SourceQuality "1"]

1. e4 c6 2. d4 d5 3. e5 c5 4. Nf3 Nc6 5. c4 cxd4 6. Nxd4 e6 7. Nc3 Bc5 {
55% for Wh} (7... Bb4 {main, 60% for Wh}) 8. Nxc6 bxc6 9. Qg4 g6 (9... Ne7 {
52% for Wh}) (9... Kf8 {70% for Wh}) 10. Be2 (10. Bd3 {6-2, 75 % for Wh}) (10.
h4 h5 11. Qg3 Ne7 12. Bg5 Qb6 13. Rb1 Nf5 14. Qf3 $11 {Barcud9-fQ-System (FM),
QL jan 2021,0-1}) 10... h5 (10... Qc7 11. O-O Qxe5 12. Bf4 Qg7 13. cxd5 exd5
14. Qh4 Be6 15. Rfe1 $14 {SF16}) 11. Qg3 Ne7 12. Bg5 Qc7 (12... Nf5 13. Qf4 Be7
14. Bxe7 Qxe7 15. O-O O-O $14 {SF16}) 13. Bf6 Nf5 14. Qf4 $18 Rh7 (14... Rg8 {
looks better}) 15. O-O (15. cxd5 exd5 16. Rc1 Qb6 17. O-O Nd4 18. Bd3 $18 {SF16
}) 15... Be7 16. Bxe7 (16. Qd2 Kf8 17. Rfe1 $16 {Sf16}) 16... Qxe7 17. Bd3 Bb7
(17... Kf8 18. Rac1 h4 19. Rfd1 $16 {SF16}) 18. Bxf5 gxf5 19. cxd5 a6 $2 {
worried about Nb5 Bl lets worse happen} (19... cxd5 20. Nb5 a6 (20... Kf8 21.
Rfc1 a6 22. Nd6 Rd8 23. Qd4 f6 24. Nxb7 Qxb7 25. exf6 $18) 21. Nd6+ Kf8 22.
Rac1 Rd8 23. Qd4 Kg8 24. Rc3 Rg7 25. Rfc1 $18 {SF16}) 20. d6 Qd8 21. Na4 Qa5 (
21... c5 $5 22. Nxc5 Bc6 23. Rfc1 $18) 22. Rac1 (22. Qg5 {SF16} Kf8 (22... Qd8
23. Qg8+) 23. Qe7+ Kg8 24. Qxb7 Rd8 25. Qb6 $18 (25. Qxc6 $18)) 22... Qd5 (
22... O-O-O 23. Rc5 $18 {seen by Wh}) 23. Nc5 (23. Qg5 Kf8 24. Nb6 Rg7 25. Qe7+
Kg8 26. Nxd5 $18 {Sf16}) (23. Nb6 $18) (23. b3) 23... Bc8 (23... Rg7 24. f3
O-O-O 25. Rfd1 Qxa2 26. Qb4 $18 {Sf16}) 24. b3 (24. Rfd1) (24. Qg5) 24... Rg7
25. f3 f6 (25... Kf8 26. Rfd1) 26. exf6 e5 27. Rfe1 Kf7 28. Rxe5 1-0

[Event "Shropshire Open"]
[Site "Telford"]
[Date "2024.01.13"]
[Round "3.1"]
[White "Ferrington, Nigel"]
[Black "Martin, Lewis"]
[Result "0-1"]
[WhiteElo "2122"]
[BlackElo "2228"]
[Annotator "Van Kemenade, Rudy"]
[PlyCount "116"]
[EventDate "2024.01.12"]
[EventType "swiss"]
[EventRounds "5"]
[EventCountry "ENG"]
[SourceTitle "BritBase"]
[Source "John Saunders"]
[SourceDate "2024.04.05"]
[SourceVersion "1"]
[SourceVersionDate "2024.04.05"]
[SourceQuality "1"]

1. e4 c6 2. Nf3 (2. d4 d5 3. e5 Bf5 4. h4 h5 5. Bg5 Qb6 6. Bd3 Bxd3 7. Qxd3 e6
8. Nd2 {Zabrocki-Martin, rd1, 0-1}) 2... d5 3. Nc3 Bg4 {main} (3... dxe4 4.
Nxe4 Bf5 5. Ng3 Bg6 6. h4 f6 7. Bc4 Nh6 8. d4 Nf5 9. Nxf5 Qa5+ 10. c3 Qxf5 {
Ferrington-Hagesaether,4NCL 2007,0-1}) 4. h3 Bxf3 5. Qxf3 e6 6. d4 (6. d3 {main
}) 6... dxe4 7. Qxe4 {main} (7. Nxe4 {scores a little better for Wh}) 7... Nf6
8. Qd3 Be7 (8... Nbd7) (8... Na6) 9. g3 Na6 10. a3 O-O 11. Bg2 Qb6 12. O-O Rfd8
13. Be3 Rd7 (13... Nd5 14. Nxd5 cxd5 15. b3 Nb8 16. c4 Qa6 17. Rfd1 Nc6 {
Rasik-Brejnik, CZE ch Usti nad Lebem 2022,1/2-1/2}) 14. b4 Rad8 (14... Qc7 15.
b5 Nb8 16. Qe2 Nd5 17. Ne4 (17. Nxd5 exd5 18. a4 $18) 17... cxb5 18. Qxb5 Nc6
$15 {Bugaj-Sloniewska,POL ch U18 girls 2022, 1/2-1/2}) 15. Qe2 Qc7 16. Na4 Nd5
17. Bd2 Bf6 18. c4 (18. c3 $14 {SF16}) 18... Ne7 19. Bf4 Qc8 20. Be5 Bxe5 21.
dxe5 Rd2 22. Qh5 Ng6 (22... Rc2 $11 {SF16}) 23. Nc3 $16 Qc7 24. Ne4 R2d4 25.
Ng5 Nf8 (25... h6 26. Nxe6 fxe6 27. Qxg6 $16 {SF16}) 26. c5 $16 Nb8 (26... b6
27. cxb6 axb6 28. Rfc1 Nb8 29. Ne4 $16 {SF16}) 27. Ne4 $18 g6 28. Qf3 (28. Qg5
h6 29. Nf6+ Kg7 30. Qe3 $18) (28. Nf6+ Kh8 29. Qg5 $18 {SF16}) 28... Qxe5 29.
Nd6 R8xd6 30. cxd6 Qxd6 31. Rfd1 $16 e5 32. Rxd4 exd4 33. Bf1 (33. b5 $16 {SF16
}) 33... Nbd7 $11 34. Re1 Ne6 35. h4 Kg7 36. Qe4 b6 37. Bc4 $16 Kf6 38. f4 (38.
h5) 38... c5 39. Kf2 (39. g4 $16 {SF16}) 39... h5 40. Bxe6 (40. b5) 40... Qxe6
(40... fxe6 41. g4 hxg4 42. Rg1 Qd5 43. Qxd5 exd5 44. Rxg4 Kf7 45. Rg5 Nf6 46.
Ke1 c4 47. f5 gxf5 48. h5 d3 49. h6 c3 50. Rg7+ Ke6 (50... Kf8 51. Rc7 $18) 51.
h7 Nxh7 52. Rxh7 d4 53. Kd1 Kd5 54. Rd7+ Ke4 55. Re7+ Kd5 56. Rd7+ $11 {SF16})
41. Qxe6+ (41. Qa8 $18 Qa2+ 42. Re2 Qxa3 43. Qd8+ Kg7 44. Qxd7 d3 45. Rd2 Qc3
46. Rxd3 Qxb4 47. Qd6 $18 {Sf16}) 41... fxe6 $17 42. Kf3 (42. bxc5 bxc5 43. Rb1
e5 44. Rb7 Ke6 45. Rxa7 e4 $19 {SF16}) 42... Kf5 $19 43. bxc5 bxc5 44. Rc1 e5
45. fxe5 Nxe5+ 46. Ke2 c4 47. Rf1+ Ke4 48. Rf4+ Kd5 49. Rf8 c3 50. Ra8 d3+ 51.
Kd1 Nc4 (51... c2+ 52. Kc1 Kd4 53. Rxa7 Kc3 54. Rc7+ Nc4 {SF16}) 52. Rd8+ Ke4
53. Re8+ Kf3 54. Rf8+ Kxg3 55. Rd8 Nb2+ 56. Kc1 d2+ 57. Rxd2 cxd2+ 58. Kxd2
Kxh4 0-1